10 Best Selling Video Games of 2007 - Statistics

General Stats
  • This quiz has been taken 13 times
  • The average score is 4 of 10
Answer Stats
Publisher Genre Answer % Correct
Microsoft Game Studios FPS Halo 3
92%
Ubisoft Action Adventure Assassin's Creed
50%
Nintendo Party Game Mario Party 8
50%
Activision FPS Call of Duty 4: Modern Warfare
42%
Nintendo Platformer Super Mario Galaxy
33%
Nintendo Party Game Wii Play
33%
Nintendo RPG Pokemon Diamond
25%
Activision Rhythym Guitar Hero II
17%
Activision Rhythym Guitar Hero III: Legends of Rock
8%
EA Sports Madden NFL 08
8%
No matching quizzes found
Score Distribution
Percent of People with Each Score
Percentile by Number Answered
Your Score History
You have not taken this quiz